Countries in the Board of Peace - Statistics

General Stats
  • This quiz has been taken 14 times
  • The average score is 21 of 27
Answer Stats
Continent Country % Correct
South America Argentina
100%
Europe Hungary
100%
Asia United Arab Emirates
100%
North America United States
100%
Africa Egypt
92%
Asia Kazakhstan
92%
Asia Qatar
92%
Asia Turkey
92%
Europe Belarus
85%
Asia Saudi Arabia
85%
Asia Uzbekistan
85%
Asia Azerbaijan
77%
Asia Bahrain
77%
Asia Indonesia
77%
Asia Jordan
77%
Africa Morocco
77%
Europe Albania
69%
Asia Armenia
69%
Asia Cambodia
69%
Asia Kuwait
69%
Asia Pakistan
69%
Asia Vietnam
69%
Europe Bulgaria
62%
Europe Kosovo
62%
South America Paraguay
62%
Asia Israel
54%
Asia Mongolia
38%
No matching quizzes found
Score Distribution
Percent of People with Each Score
Percentile by Number Answered
Your Score History
You have not taken this quiz